Itä-Karjalan kunnat kartalla 1920 - Statistics

Yleistilastot
  • Tätä visaa on pelattu 48 kertaa
  • Keskiarvotulos 10 / 54
Vastaukset kartalla
Vastauksille on annettu kartalla punavihreä väri sen mukaan, kuinka moni on saanut sen oikein.
 
Vastaustilastot
Kunta (Volost) % Oikein
Petroskoi
97%
Uhtua
69%
Aunus
63%
Kemi
63%
Karhumäki
56%
Porajärvi
53%
Repola
53%
Kantalahti/Kannanlahti
47%
Kontupohja
41%
Kiestinki
34%
Rukajärvi
31%
Vuokkiniemi
31%
Paanajärvi
25%
Vitele
25%
Jyskyjärvi
19%
Sorokka
19%
Soutjärvi
19%
Oulanka
13%
Paatene
13%
Povenetsa
13%
Suurlahti
13%
Kouta
9%
Latva
9%
Säämäjärvi
9%
Suma
9%
Sunku/Sungu
9%
Usmana/Vääräkoski
9%
Vieljärvi
9%
Danilova
6%
Kontokki
6%
Kotkatjärvi
6%
Kuolisma
6%
Munjärvi/Mundjärvi
6%
Njuhtša
6%
Pälmä
6%
Pyhäjärvi
6%
Tulemajärvi
6%
Vaaseni
6%
Kieretti
3%
Laapina
3%
Mäntyselkä
3%
Petrovo-Jam
3%
Pistojärvi
3%
Ponkama
3%
Riipuskala
3%
Suiku
3%
Suikujärvi
3%
Vitsataipale
3%
Kotijärvi
0%
Lindjärvi/Lintujärvi
0%
Myatusova
0%
Nekkula
0%
Tunkue
0%
Voijärvi
0%
Ehtoja vastaavia visoja ei löytynyt
Tulosjakauma
Jokaisen tuloksen saaneiden osuus
Persentiili vastausten määrän mukaan
Tuloshistoriasi
Et ole pelannut tätä visaa